People on Polish coins - Statistics

General Stats
  • This quiz has been taken 15 times
  • The average score is 19 of 34
Answer Stats
Appeared times Person Who they were % Correct
13 Frédéric Chopin composer, pianist
93%
56 John Paul II pope
93%
8 Nicolaus Copernicus Renaissance astronomer
93%
5 Marie Curie physicist, chemist
87%
6 Mieszko I duke (Piast dynasty)
80%
9 Bolesław Chrobry duke, king (Piast dynasty)
73%
6 Jadwiga queen / queen regnant
73%
16 Józef Piłsudski marshal, head of state
73%
15 Tadeusz Kościuszko military engineer, uprising leader
73%
6 Ignacy Jan Paderewski pianist, composer, statesman
67%
7 Stefan Batory king (elective monarchy)
67%
10 Władysław II Jagiełło king (Jagiellonian dynasty)
67%
6 August II Mocny king (elective monarchy)
60%
14 Jan III Sobieski king (elective monarchy)
60%
4 Jan Matejko painter
60%
7 Kazimierz III king (Piast dynasty)
60%
5 Stanisław August Poniatowski king (elective monarchy)
60%
6 Władysław I Łokietek king (Piast dynasty)
60%
4 Adam Mickiewicz poet, dramatist
53%
6 Kazimierz IV Jagiellończyk king (Jagiellonian dynasty)
53%
5 Stefan Wyszyński cardinal
53%
7 Zygmunt III Waza king (elective monarchy)
53%
5 Ignacy Łukasiewicz pharmacist, engineer, inventor
47%
4 Wincenty Witos statesman, agrarianist party leader
47%
8 Władysław IV Waza king (elective monarchy)
47%
7 Zygmunt II August king (Jagiellonian dynasty)
47%
8 Zygmunt I Stary king (Jagiellonian dynasty)
47%
6 Stanisław Leszczyński king (elective monarchy)
40%
6 Władysław III Warneńczyk king (Jagiellonian dynasty)
40%
4 Bolesław Prus novelist, journalist
33%
7 Jan II Kazimierz king (elective monarchy)
33%
4 Henryk Wieniawski violinist, composer
20%
4 Józef Haller general
13%
5 Jan Łaski Calvinist reformer
7%
No matching quizzes found
Score Distribution
Percent of People with Each Score
Percentile by Number Answered
Your Score History
You have not taken this quiz